Normal view
MARC view
- هيدروليكا -- تجارب
Entry Topical Term
001 - CONTROL NUMBER
- control field: 18287
003 - CONTROL NUMBER IDENTIFIER
- control field: JO-AjAnu
005 - DATE AND TIME OF LATEST TRANSACTION
- control field: 20230606073220.0
008 - FIXED-LENGTH DATA ELEMENTS
- fixed length control field: 230606|| aca||aabn | a|a d
040 ## - CATALOGING SOURCE
- Original cataloging agency: JO-AjAnu
- Transcribing agency: JO-AjAnu
150 ## - HEADING--TOPICAL TERM
- Topical term or geographic name entry element: هيدروليكا -- تجارب
670 ## - SOURCE DATA FOUND
- Source citation: Work cat.: (JO-AjAnu)9387: تاليف :خلف،محمد رمضان،مؤيد سعدالله خليل, author 18286, تجارب في الهيدروليك